000 00903nam a22002174a 4500
005 20090709160143.0
008 070417s2007 ncua b 001 0 eng
010 _aENG-94334
020 _c250.00
035 _aEN-77867
037 _bDBAD / VEN
040 _adpl
_bEnglish
082 _a658.4012
245 _aRahul's topper's voice J.N.T.U. M.B.A IV semester strategic management:
_cby Well Experienced Lecturer
_bstudy manual /
260 _aHyderabad
_bRahul Publications
_c(200?)
270 _bHyderabad
_e195
300 _aVarious pagings
_c25cm(pbk)
942 _2ddc
_cEN
_mRAH
_h658.4012
999 _c28130
_d28130